The Lawyer's handbook : Land Transactions. (Record no. 473)

MARC details
000 -LEADER
fixed length control field 01523cam a2200373 a 4500
001 - CONTROL NUMBER
control field 3926401
003 - CONTROL NUMBER IDENTIFIER
control field OSt
005 - DATE AND TIME OF LATEST TRANSACTION
control field 20110908095054.0
008 - FIXED-LENGTH DATA ELEMENTS--GENERAL INFORMATION
fixed length control field 920821s1992 ilua b 001 0 eng c
010 ## - LIBRARY OF CONGRESS CONTROL NUMBER
LC control number 92073390
040 ## - CATALOGING SOURCE
Original cataloging agency DLC/MoSU-L
Transcribing agency MoSU-L
Modifying agency DLC
042 ## - AUTHENTICATION CODE
Authentication code lcnccp
043 ## - GEOGRAPHIC AREA CODE
Geographic area code n-us---
050 00 - LIBRARY OF CONGRESS CALL NUMBER
Classification number KF318
Item number .L33 1992
082 00 - DEWEY DECIMAL CLASSIFICATION NUMBER
Classification number 346.0504 DOY
Edition number 20
100 ## - MAIN ENTRY--PERSONAL NAME
Personal name Doya nanima, R.
9 (RLIN) 1412
245 04 - TITLE STATEMENT
Title The Lawyer's handbook : Land Transactions.
Statement of responsibility, etc Nanima, R. Doya /
250 ## - EDITION STATEMENT
Edition statement 3rd ed.
260 ## - PUBLICATION, DISTRIBUTION, ETC. (IMPRINT)
Date of publication, distribution, etc 2006.
300 ## - PHYSICAL DESCRIPTION
Extent xii,100p.;
Dimensions 24 cm.
504 ## - BIBLIOGRAPHY, ETC. NOTE
Bibliography, etc Includes bibliographical references and index.
650 #0 - SUBJECT ADDED ENTRY--TOPICAL TERM
Topical term or geographic name as entry element Law offices
Geographic subdivision United States
General subdivision Handbooks, manuals, etc.
9 (RLIN) 1413
700 1# - ADDED ENTRY--PERSONAL NAME
Personal name Anderson, Austin G.,
Dates associated with a name 1931-
9 (RLIN) 1414
700 1# - ADDED ENTRY--PERSONAL NAME
Personal name Munneke, Gary A.
9 (RLIN) 1415
700 1# - ADDED ENTRY--PERSONAL NAME
Personal name Soper, Katharine B.
9 (RLIN) 1416
710 2# - ADDED ENTRY--CORPORATE NAME
Corporate name or jurisdiction name as entry element American Bar Association.
Subordinate unit Section of Law Practice Management.
9 (RLIN) 1417
906 ## - LOCAL DATA ELEMENT F, LDF (RLIN)
a 7
b cbc
c nccpada
d 3
e opcn
f 19
g y-gencatlg
942 ## - ADDED ENTRY ELEMENTS (KOHA)
Source of classification or shelving scheme Dewey Decimal Classification
Koha item type Books
Holdings
Withdrawn status Lost status Source of classification or shelving scheme Damaged status Not for loan Home library Current library Shelving location Date acquired Total Checkouts Full call number Barcode Date last seen Price effective from Koha item type
    Dewey Decimal Classification     Law Development Centre Main Library Law Development Centre Main Library Text Books and Laws 04/21/2011   346.0504 DOY 14010 04/21/2011 04/21/2011 Books
    Dewey Decimal Classification     Law Development Centre Main Library Law Development Centre Main Library Text Books and Laws 04/21/2011   346.0504 DOY 15010 04/21/2011 04/21/2011 Books
    Dewey Decimal Classification     Law Development Centre Main Library Law Development Centre Main Library Text Books and Laws 04/21/2011   346.0504 DOY 16010 04/21/2011 04/21/2011 Books
    Dewey Decimal Classification     Law Development Centre Main Library Law Development Centre Main Library Text Books and Laws 04/21/2011   346.0504 DOY 17010 04/21/2011 04/21/2011 Books